00293nam a2200121Ia 4500008004100000082001300041100002100054245003100075250000800106260003700114300000800151650001200159191201s2005 xx 000 0 und d a510bGEA aGerald, Curtis F 0aApplied Numerical Analysis a6th aN.DelhibPearson Educationc2005 a698 aApplied